Basic well log analysis.

Guardado en:
Otros Autores: Asquith, George B., Krygowski, Daniel.
Formato: Libro
Idioma:English
Publicado: Tulsa, Okla. : American Association of Petroleum Geologists, c2004.
Edición:2nd ed. /
Series:Methods in exploration series ; 16.
Materias:
Etiquetas: Agregar Etiqueta
Sin Etiquetas, Sea el primero en etiquetar este registro!
LEADER 01083cam a2200277 a 4500
001 EUN.eunm002970
005 20091228140244.0
008 050711s2004####okua#####b####001#0#eng##
010 |a  2005279278 
020 |a 0891816674 (pbk.) 
040 |a DLC  |c DLC 
050 0 0 |a TN871.35  |b .A778 2004 
245 0 0 |a Basic well log analysis. 
250 |a 2nd ed. /  |b by George B. Asquith and Daniel Krygowski (with sections by Steven Henderson and Neil Hurley). 
260 |a Tulsa, Okla. :  |b American Association of Petroleum Geologists,  |c c2004. 
300 |a ix, 244 p. :  |b il. (algunas col.) ;  |c 28 cm. +  |e 1 CD-ROM (4 3/4 in.) 
490 1 |a AAPG methods in exploration series ;  |v 16 
504 |a Incluye referencias bibliográficas (p. 240-244). 
650 7 |a Geología.  |2 unbist 
650 7 |a Petróleo.  |2 unbist 
650 7 |a Geología del petróleo.  |2 unbist 
650 7 |a Exploración petrolera.  |2 unbist 
700 1 |a Asquith, George B. 
700 1 |a Krygowski, Daniel. 
830 0 |a Methods in exploration series ;  |v 16. 
859 |a AR-BaUNS  |b BIB. CENTRAL - Sector A  |h 553.28  |i As69a2  |p 121251/009